Производные пантотеновой кислоты. Разработка новых витаминных и фармакотерапевтических средств / (Record no. 89190)
[ view plain ]
| 000 -LEADER | |
|---|---|
| fixed length control field | 01720nam a2200349 u 4500 |
| 001 - CONTROL NUMBER | |
| control field | 000249352 |
| 003 - CONTROL NUMBER IDENTIFIER | |
| control field | AM-YeHGA |
| 005 - DATE AND TIME OF LATEST TRANSACTION | |
| control field | 20250617125000.0 |
| 008 - FIXED-LENGTH DATA ELEMENTS--GENERAL INFORMATION | |
| fixed length control field | 030722s1989 ||||||||r|||||000|0|rus|d |
| 020 ## - INTERNATIONAL STANDARD BOOK NUMBER | |
| International Standard Book Number | 5343000770 |
| 040 ## - CATALOGING SOURCE | |
| Original cataloging agency | AM-YeHGA |
| 090 ## - LOCALLY ASSIGNED LC-TYPE CALL NUMBER (OCLC); LOCAL CALL NUMBER (RLIN) | |
| -- | 90476 |
| 245 00 - TITLE STATEMENT | |
| Title | Производные пантотеновой кислоты. Разработка новых витаминных и фармакотерапевтических средств / |
| Statement of responsibility, etc. | А.Г. Моисеенок, В.М. Копелевич, В.М. Шейбак и др. ; под ред. В.И. Гунара, П.И. Лукиенко; АН БССР, Институт биохимии. |
| 260 ## - PUBLICATION, DISTRIBUTION, ETC. | |
| Place of publication, distribution, etc. | Минск : |
| Name of publisher, distributor, etc. | Наука и техника, |
| Date of publication, distribution, etc. | 1989. |
| 300 ## - PHYSICAL DESCRIPTION | |
| Extent | 216 с. : |
| Other physical details | ил., табл. ; |
| Dimensions | 20 см. |
| 500 ## - GENERAL NOTE | |
| General note | Предисл. : с. 4-6 |
| 504 ## - BIBLIOGRAPHY, ETC. NOTE | |
| Bibliography, etc. note | Список лит. : с. 201-214 |
| 650 14 - SUBJECT ADDED ENTRY--TOPICAL TERM | |
| Topical term or geographic name entry element | Биохимия |
| 650 14 - SUBJECT ADDED ENTRY--TOPICAL TERM | |
| Topical term or geographic name entry element | Пантотеновая килота |
| 650 14 - SUBJECT ADDED ENTRY--TOPICAL TERM | |
| Topical term or geographic name entry element | Технология фармацевтическая |
| 650 14 - SUBJECT ADDED ENTRY--TOPICAL TERM | |
| Topical term or geographic name entry element | Витамины |
| General subdivision | Метаболизм |
| 650 14 - SUBJECT ADDED ENTRY--TOPICAL TERM | |
| Topical term or geographic name entry element | Пантотеновая кислота |
| 650 14 - SUBJECT ADDED ENTRY--TOPICAL TERM | |
| Topical term or geographic name entry element | Биохимические феномены, метаболизм и питание |
| 650 14 - SUBJECT ADDED ENTRY--TOPICAL TERM | |
| Topical term or geographic name entry element | Биотрансформация |
| 700 1# - ADDED ENTRY--PERSONAL NAME | |
| Personal name | Моисеенок, Андрей Георгиевич |
| 700 1# - ADDED ENTRY--PERSONAL NAME | |
| Personal name | Копелевич, Вячеслав Михайлович |
| 700 1# - ADDED ENTRY--PERSONAL NAME | |
| Personal name | Шейбак, Владимир Михайлович |
| 700 1# - ADDED ENTRY--PERSONAL NAME | |
| Personal name | Гунар, В.И. |
| Relator term | ред. |
| Relationship | edt |
| 700 1# - ADDED ENTRY--PERSONAL NAME | |
| Personal name | Лукиенко, П.И. |
| Relator term | ред. |
| Relationship | edt |
| 710 2# - ADDED ENTRY--CORPORATE NAME | |
| Corporate name or jurisdiction name as entry element | Академия наук Белорусской ССР |
| 710 2# - ADDED ENTRY--CORPORATE NAME | |
| Corporate name or jurisdiction name as entry element | Институт биохимии |
| Withdrawn status | Lost status | Damaged status | Not for loan | Collection | Home library | Current library | Date acquired | Total checkouts | Full call number | Barcode | Date last seen | Price effective from | Koha item type | Public note |
|---|---|---|---|---|---|---|---|---|---|---|---|---|---|---|
| General | Fundamental Scientific Library | Fundamental Scientific Library | 22/12/2016 | 663.164.4 | 120606902 | 22/12/2016 | 22/12/2016 | Գրքեր / Books | 30 Days Loan |
ՀՀ Գիտությունների ազգային ակադեմիայի հիմնարար գիտական գրադարան = Fundamental Scientific Library of NAS RA
All site content, except where otherwise noted, is licensed under a